О методе решения одномерных стационарных уравнений газовой динамики; Математическое моделирование; Т. 15, № 11
| Parent link: | Математическое моделирование.— , 1989- Т. 15, № 11.— 2003.— [С. 30-36] |
|---|---|
| Autor principal: | |
| Sumari: | Заглавие с экрана Рассматривается область, в которой существует только одна точка, с числом Маха (М), равным единице, причем М монотонно возрастает от дозвукового до сверхзвукового значения. Вводится функция, обладающая единственным минимумом в точке М=1. Итерационный метод строится на основе поиска минимума этой функции. Расчеты показали хорошее совпадение с методом установления для двухфазного течения в сопле Лаваля и с точным решением для канала постоянного сечения |
| Idioma: | rus |
| Publicat: |
2003
|
| Matèries: | |
| Accés en línia: | http://www.mathnet.ru/links/b702692ffbb1307af7f089a541d99fee/mm373.pdf http://www.mathnet.ru/php/archive.phtml?wshow=paper&jrnid=mm&paperid=373&option_lang=rus |
| Format: | Electrònic Capítol de llibre |
| KOHA link: | https://koha.lib.tpu.ru/cgi-bin/koha/opac-detail.pl?biblionumber=636411 |
MARC
| LEADER | 00000nla0a2200000 4500 | ||
|---|---|---|---|
| 001 | 636411 | ||
| 005 | 20250327095506.0 | ||
| 035 | |a (RuTPU)RU\TPU\network\366 | ||
| 090 | |a 636411 | ||
| 100 | |a 20131227d2003 k||y0rusy50 ca | ||
| 101 | 0 | |a rus | |
| 102 | |a RU | ||
| 135 | |a drnn ---uucaa | ||
| 181 | 0 | |a i | |
| 182 | 0 | |a b | |
| 200 | 1 | |a О методе решения одномерных стационарных уравнений газовой динамики |f В. М. Галкин | |
| 203 | |a Текст |c электронный | ||
| 300 | |a Заглавие с экрана | ||
| 320 | |a [Библиогр.: с. 36 (10 назв.)] | ||
| 330 | |a Рассматривается область, в которой существует только одна точка, с числом Маха (М), равным единице, причем М монотонно возрастает от дозвукового до сверхзвукового значения. Вводится функция, обладающая единственным минимумом в точке М=1. Итерационный метод строится на основе поиска минимума этой функции. Расчеты показали хорошее совпадение с методом установления для двухфазного течения в сопле Лаваля и с точным решением для канала постоянного сечения | ||
| 461 | |t Математическое моделирование |d 1989- | ||
| 463 | |t Т. 15, № 11 |v [С. 30-36] |d 2003 | ||
| 610 | 1 | |a электронный ресурс | |
| 610 | 1 | |a труды учёных ТПУ | |
| 610 | 1 | |a одномерные уравнения | |
| 610 | 1 | |a газовая динамика | |
| 700 | 1 | |a Галкин |b В. М. |c геолог |c доцент Томского политехнического университета, кандидат физико-математических наук |f 1955- |g Владислав Михайлович |3 (RuTPU)RU\TPU\pers\27966 | |
| 801 | 2 | |a RU |b 63413507 |c 20131227 |g RCR | |
| 856 | 4 | |u http://www.mathnet.ru/links/b702692ffbb1307af7f089a541d99fee/mm373.pdf | |
| 856 | 4 | |u http://www.mathnet.ru/php/archive.phtml?wshow=paper&jrnid=mm&paperid=373&option_lang=rus | |
| 942 | |c CF | ||